| 000 | 00528nam a2200169Ia 4500 | ||
|---|---|---|---|
| 999 |
_c21989 _d21989 |
||
| 003 | OSt | ||
| 005 | 20201110123031.0 | ||
| 008 | 190216s9999||||xx |||||||||||||| ||und|| | ||
| 040 | _coclc | ||
| 082 |
_a891.43913 _bSUD/E |
||
| 100 |
_a Sud, Kider Nath, _92059 _d1919- |
||
| 245 | 0 |
_aEternal Flame : _bAspects of Ghalib's life and works / _cK N Sud |
|
| 260 |
_bSterling Publications, _c1969. _aDelhi: |
||
| 300 | _a136p | ||
| 650 | _aIslamic History | ||
| 942 |
_cBK _2ddc _h891.43913 _iSUD/E _k891.43913 _mSUD/E |
||